000 02122nam0a2200361 4500
001 RU\NLR\bibl\52219
005 20260407093738.0
010 _a5-7245-1151-7
_93000
021 _aRU
_b99-28183
_91372
035 _a(NLR Aleph) 000050933
090 _a272758
_c272758
100 _a19991011d1999 |||y0rusy50 ca
101 0 _arus
102 _aRU
105 _aa |||||||||
200 1 _aРеалистическая философия
_eУчеб. по курсу "Философия" для студентов вузов
_f[Д.ф.н. Обухов В.Л., д.ю.н., засл. деят. науки РФ Сальников В.П., к.ф.н. Алябьева З.С. и др.]
_gПод общ. и науч. ред. проф. В.Л. Обухова и проф. В.П. Сальникова
_gС.-Петерб. гос. аграр. ун-т, С.-Петерб. ун-т МВД России
205 _a[2-е, перераб. и доп. изд.]
210 _aСПб.
_cХимиздат
_d1999
320 _aБиблиогр. в конце разделов
606 0 _aФилософия
_jРуководства, пособия и т.п. для высшей школы
_9900139
_3RU\NLR\auth\666996
606 0 _aФилософия
_jУчебные издания для высшей школы
_9900139
_3RU\NLR\auth\666996
686 _aЮ0я73-1
701 1 _4070
_8rus
_7ca
_aОбухов
_bВ.Л.
_cд-р филос. наук
_f1938-
_gВалерий Леонидович
_3RU\NLR\auth\7721259
_94322
701 1 _4070
_7ca
_8rus
_aСальников
_bВ. П.
_cд-р юрид. наук, генерал-лейтенант.
_f1946-
_gВиктор Петрович
_9143563
_3RU\NLR\AUTH\770143599
701 1 _aАлябьева
_bЗ. С.
_gЗоя Сергеевна
_4070
712 0 2 _4570
_aСанкт-Петербургский государственный аграрный университет
_3RU\NLR\AUTH\889917220
_9330610
801 0 _aRU
_bNLR
_c19991011
_gPSBO
801 1 _aRU
_bNLR
_c19991011
830 _aАвт. по кн.
852 _aNLR
_j99-5/3084
942 _cBOOK
980 _aNB